Historia de las teorías de la producción y distribución : (Registro nro. 12558)
[ vista simple ]
| 000 -LEADER | |
|---|---|
| fixed length control field | 01208nam a2200241Ia 4500 |
| 003 - CONTROL NUMBER IDENTIFIER | |
| control field | OSt |
| 005 - DATE AND TIME OF LATEST TRANSACTION | |
| control field | 20210929102223.0 |
| 008 - FIXED-LENGTH DATA ELEMENTS--GENERAL INFORMATION | |
| fixed length control field | 210310s1948 mx gr 000 0 spa d |
| 040 ## - CATALOGING SOURCE | |
| Original cataloging agency | CO-JMCR |
| Transcribing agency | CO-JMCR |
| 041 0# - LANGUAGE CODE | |
| Language code of text/sound track or separate title | spa |
| 082 04 - DEWEY DECIMAL CLASSIFICATION NUMBER | |
| Classification number | 330.942 / |
| Item number | C224h |
| Edition number | 23 |
| 100 1# - MAIN ENTRY--PERSONAL NAME | |
| Personal name | Cannan, Edwin, |
| Relator term | autor |
| 9 (RLIN) | 4963 |
| 245 10 - TITLE STATEMENT | |
| Title | Historia de las teorías de la producción y distribución : |
| Remainder of title | en la economía política inglesa de 1776 a 1848 / |
| Statement of responsibility, etc. | Edwin Cannan ; versión en español de Javier Márquez |
| 260 ## - PUBLICATION, DISTRIBUTION, ETC. | |
| Place of publication, distribution, etc. | México : |
| Name of publisher, distributor, etc. | Fondo de Cultura Económica, |
| Date of publication, distribution, etc. | 1948. |
| 300 ## - PHYSICAL DESCRIPTION | |
| Extent | 463 páginas ; |
| Dimensions | 22 cm. |
| 500 ## - GENERAL NOTE | |
| General note | Incluye índice analítico y notas a pie de página |
| 505 0# - FORMATTED CONTENTS NOTE | |
| Formatted contents note | La riqueza de una nación. -- La idea de producción. -- El primer requisito de la producción. -- El segundo requisito de la producción. -- El tercer requisito de la producción. -- La idea de la distribución. -- Pseudo-distribución. -- Distribución propiamente dicha. -- Repaso general. -- Repaso general. |
| 650 14 - SUBJECT ADDED ENTRY--TOPICAL TERM | |
| Topical term or geographic name entry element | Ciencias económicas |
| 9 (RLIN) | 28566 |
| 650 24 - SUBJECT ADDED ENTRY--TOPICAL TERM | |
| Topical term or geographic name entry element | Producción (teoría económica) |
| 9 (RLIN) | 7348 |
| 650 24 - SUBJECT ADDED ENTRY--TOPICAL TERM | |
| Topical term or geographic name entry element | Distribución (teoría económica) |
| 9 (RLIN) | 36753 |
| 700 1# - ADDED ENTRY--PERSONAL NAME | |
| Personal name | Márquez, Javier |
| Relator term | traductor |
| 9 (RLIN) | 4628 |
| 942 ## - ADDED ENTRY ELEMENTS (KOHA) | |
| Source of classification or shelving scheme | Dewey Decimal Classification |
| Koha item type | Books |
| Withdrawn status | Lost status | Source of classification or shelving scheme | Damaged status | Not for loan | Home library | Current library | Shelving location | Date acquired | Source of acquisition | Full call number | Barcode | Date last seen | Copy number | Price effective from | Koha item type |
|---|---|---|---|---|---|---|---|---|---|---|---|---|---|---|---|
| Dewey Decimal Classification | Biblioteca Pública José María del Castillo y Rada | Biblioteca Pública José María del Castillo y Rada | General Stacks | 04/15/2018 | Donación | 330.942 / C224h | 430004872 | 05/16/2024 | Ej.1 | 03/10/2021 | Books |